| 000 | 01017cam a2200217 4500 | ||
|---|---|---|---|
| 001 | WS104588 | ||
| 008 | 000000n 000 0 eng u | ||
| 035 | _a(Sirsi) u104588 | ||
| 245 | _aAACE International | ||
| 520 | _aWeb site for this US based organisation which describes itself as the 'association for total cost management' with members in 78 countries. Contains the usual organisational information but also includes a Parametric Cost Estimating Model for buildings and an Estate Preparation Costs/Schedule Calculator. Also has links to their journal 'Cost Engineering' back to January 1999 and allows you to search its library database. | ||
| 650 | _aUSA | ||
| 650 | _aCOST ENGINEERING | ||
| 650 | _aTOTAL COST MANAGEMENT | ||
| 650 | _aLIBRARY | ||
| 650 | _aINTERNATIONAL | ||
| 650 | 0 | _aORGANISATION | |
| 650 | 0 | _aPARAMETRIC COST ESTIMATING MODEL | |
| 690 | _aBUILT ENVIRONMENT-BUILDING COSTS | ||
| 856 | 4 | 0 |
_uhttps://www.aacei.org/ _zView the website free of charge at www.aacei.com... |
| 942 | _n0 | ||
| 999 |
_c119422 _d119422 |
||